00788cam a2200217 a 450000100100000000500170001000800410002702000150006804000230008308200210010610000350012724501070016225000110026926000650028030000210034544000560036650400530042265000390047565000260051470000300054000000256920200929150220.0830622s1980 sp 001 0 spa  a840004780X aDO-SdBNPcDLCdDLC a868bC382a, 19801 aCavia, Mariano de,d1855-1920.10aAntología /cMariano de Cavia ; estudio preliminar, notas y selección por Enrique Pardo Canalís. a2a ed. a[Zaragoza] :bInstitución "Fernando el Católico",c1980. a491 p. ;c19 cm. 0aBiblioteca de autores aragoneses del siglo XIX ;v3 aIncluye referencias bibliográficas: p. 95-104. 4aLiteratura españolaxColecciones 4aLiteratura española1 aPardo Canalís, Enrique.